Zgadnij kraj po opisie flagi. Poziom Trudny (#1) - Statystyki

Ogólne statystyki
  • Ten quiz został rozwiązany 11 razy
  • Średni wynik to 7 z 10
Statystyki odpowiedzi
Opis flagi Państwo % Poprawnych
Flaga to prostokąt o proporcjach 7:10. Na zielonym tle, wewnątrz żółtego rombu umieszczona jest Niebieski koło. W nim znajdują się gwiazdy, o liczbie odpowiadającej liczbie stanów …….. wliczając Dystrykt Federalny; ponadto odpowiadają one rzeczywistemu ułożeniu konstelacji na niebie. Wewnątrz szkoła znajduje się również motto Ordem e progresso (pol. Porządek i postęp). Brazylia
100%
Flaga ma proporcje 1:2, jest to czerwony prostokąt otoczony złotą ramką. Na środku znajduje się godło ………. . Czarnogóra
80%
Jest to prostokąt o proporcjach 2:3, podzielony na trzy równe, poziome pasy w kolorach czerwonym, białym i czarnym. Na białym pasie umieszczony jest napis w piśmie kufickim i Allāhu akbar (pol. Bóg jest wielki). Irak
70%
Składa się z trzech nierównej szerokości poziomych pasów: niebieskiego, czerwonego i niebieskiego. Na środku został umieszczony biały wizerunek głównej świątyni kompleksu Angkor Wat. Kambodża
70%
Złożona jest z dwóch poziomych pasów w kolorach niebieskim i czerwonym. Przy drzewcu znajduje się biały trójkąt wypełniony żółtymi kształtami słońca i trzech gwiazd. Zazwyczaj jako proporcje flagi przyjmuje się 1:2. Filipiny
60%
Jest to prostokąt o proporcjach 2:3, podzielony na trzy poziome pasy: zielony, biały i czerwony. Przy drzewcu znajduje się niebieski, równoramienny trójkąt. Na środku flagi znajduje się herb państwowy. Gwinea Równikowa
60%
Jest to prostokąt o proporcjach 1:2. Nad sześcioma falowanymi pasami w kolorach, na przemian, białym i niebieskim znajduje się czerwone pole, a w nim żółty ptak i słońce. Kiribati
60%
Jest to prostokąt o proporcjach 1:2, podzielony na trzy pionowe pasy: czerwony, niebieski i czerwony. Na pasie przy drzewcu został umieszczony tradycyjny symbol soyombo w kolorze żółtym Mongolia
60%
Jest to prostokąt o proporcjach 1:2, podzielony na trzy pasy: czerwony, biały i zielony. Na środku znajduje się złota (żółta) korona, a nad nią siedem pięcioramiennych gwiazd tego samego koloru. Tadżykistan
60%
Jest to jasnoniebieski prostokąt o proporcjach 1:2[366]. W kantonie znajduje się Union Jack, a w części swobodnej umieszczone zostało dziewięć żółtych gwiazd. Tuvalu
60%
Nie znaleziono quizów pasujących do podanych kryteriów
Rozkład punktacji
Procent ludzi z każdym wynikiem
Percentyl według liczby udzielonych odpowiedzi
Twoja historia wyników
Nie rozwiązałeś tego quizu